ბათუმის შოთა რუსთაველის სახელმწიფო უნივერსიტეტის ბიბლიოთეკა

გველის მჭამელი; სტუმარ–მასპინძელი; ალუდა ქეთელაური (ბიბ.ჩანაწერი № 41759)

000 -LEADER
fixed length control field 00909nam a2200229Ia 4500
001 - CONTROL NUMBER
control field 8440
003 - CONTROL NUMBER IDENTIFIER
control field GE_BSU
008 - FIXED-LENGTH DATA ELEMENTS--GENERAL INFORMATION
fixed length control field 181216s||||||||xx |||||||||||||| ||und||
040 ## - CATALOGING SOURCE
Transcribing agency GE_BSU
100 ## - MAIN ENTRY--PERSONAL NAME
Personal name ვაჟა-ფშაველა
245 ## - TITLE STATEMENT
Title გველის მჭამელი; სტუმარ–მასპინძელი; ალუდა ქეთელაური
245 ## - TITLE STATEMENT
Remainder of title პოემები
245 ## - TITLE STATEMENT
Statement of responsibility, etc. რედ: ჯ. ჭანტურია; მხატვ.: თ. ყუბანეიშვილი.
260 ## - PUBLICATION, DISTRIBUTION, ETC.
Place of publication, distribution, etc. თბილისი.
260 ## - PUBLICATION, DISTRIBUTION, ETC.
Name of publisher, distributor, etc. ნაკადული.
260 ## - PUBLICATION, DISTRIBUTION, ETC.
Date of publication, distribution, etc. 1961
300 ## - PHYSICAL DESCRIPTION
Extent 96 გვ; ილ; 21 სმ.
653 ## - INDEX TERM--UNCONTROLLED
Uncontrolled term გველის მჭამელი
653 ## - INDEX TERM--UNCONTROLLED
Uncontrolled term პოემები
653 ## - INDEX TERM--UNCONTROLLED
Uncontrolled term სტუმარ–მასპინძელი; ალუდა ქეთელაური: .
942 ## - ADDED ENTRY ELEMENTS (KOHA)
Koha item type წიგნი
ეგზემპლარები
Withdrawn status Lost status Damaged status Not for loan Date acquired Barcode Date last seen Price effective from Koha item type
        2018-12-17 30531 2018-12-17 2018-12-17 წიგნი
        2018-12-17 30532 2018-12-17 2018-12-17 წიგნი